HTML5 for dummies eLearning kit

Helping self-directed learners of all levels learn HTML5 If you want to develop and structure pages for the web, HTML5 is one of the tools you need. This invaluable eLearning kit steps you through learning HTML5, CSS3, and JavaScript.

保存先:
書誌詳細
第一著者: Boumphrey, Frank
フォーマット: 図書
言語:Undetermined
出版事項: Hoboken, N.J. Wiley 2012
主題:
タグ: タグ追加
タグなし, このレコードへの初めてのタグを付けませんか!
Thư viện lưu trữ: Trung tâm Học liệu Trường Đại học Cần Thơ
LEADER 00822nam a2200205Ia 4500
001 CTU_207927
008 210402s9999 xx 000 0 und d
020 |c 19.99 
082 |a 006.74 
082 |b B752 
100 |a Boumphrey, Frank 
245 0 |a HTML5 for dummies eLearning kit 
245 0 |c Frank Boumphrey 
260 |a Hoboken, N.J. 
260 |b Wiley 
260 |c 2012 
520 |a Helping self-directed learners of all levels learn HTML5 If you want to develop and structure pages for the web, HTML5 is one of the tools you need. This invaluable eLearning kit steps you through learning HTML5, CSS3, and JavaScript. 
650 |a JavaScript (Computer program language),JavaScript (Ngôn ngữ lập trình máy tính) 
904 |i Hải 
980 |a Trung tâm Học liệu Trường Đại học Cần Thơ